1499 1255 1805 1575 1139 1335 1845 1123 1359 1202 1036 1530 1422 1296 1460 1499 1493 1138 1430 1277 1727 1207 1588 1943 1555 1591 1305 1341 1393 1476 1997 1813 1730 1787 1663 1729 1676 1962 1267 1210 1048 1414 1922 1082 1393 1167 1534 1879 1931 1423 1729 1983 1088 1669 1849 1178 1681 1251 1348 1918 1893 1130 1064 1690 1675 1588 1264 1810 1515 1708 1359 1260 1479 1643 1847 1568 1644 1165 1709 1703 1967 1788 1862 1583 1076 1741 1177 1475 1514 1483 1677 1098 1749 1029 1117 1841 1024 1314 1226 BCNSPRNW ULIB Ver.6.0+V

เปลี่ยนเป็นภาษาไทย

Change to English
 แสดงรายละเอียดบรรณานุกรม
  กลับหน้าหลัก

Brief Record : Get Marc (ISO 2709) : E-mail record : QR code < ปิดหน้าต่าง
LEADER : 00000nam a2200000 a 4500
001    13399128300
003     ULIB
008    220606s2565 th a b 001 0 tha d
020    ^a9789740340942
040    ^acl
060 04 ^aQZ4^bศ169พ
100 0  ^aศราวุธ ปาลิโภชน์
245 10 ^aพยาธิวิทยาพื้นฐาน :^bสำหรับนักศึกษาหลักสูตรวิทยาศาสตร์สุขภาพ = Basicpathology : for health science students /^cศราวุธ ปาลิโภชน์
246 31 ^aBasic pathology :^bfor health science students
250    ^aพิมพ์ครั้งที่ 1
260    ^aกรุงเทพฯ :^bสำนักพิมพ์จุฬาลงกรณ์มหาวิทยาลัย,^c2565
300    ^aก-จ, 218 หน้า :^bภาพประกอบ ;^c27 ซม.
504    ^aมีบรรณานุกรมและดัชนี
505 2  ^aการปรับตัว การบาดเจ็บ และการตายของเซลล์ --การอักแสบเฉียบพลันและเรื้อรัง -- การซ่อมแซมเนื้อเยื่อ --ความผิดปกติของระบบไหลเวียนเลือด -- พยาธิวิทยาของเนื้องอกและมะเร็ง -- การบาดเจ็บจากปัจจัยทางกายภาพและพยาธิวิทยาสิ่งแวดล้อม --พยาธิวิทยาพื้นฐานของโรคติดเชื้อ
591    ^aLIRV มีพิมพ์ครั้งที่ 2 พ.ศ. 2565
650  2 ^aPathology
650  4 ^aพยาธิวิทยา
945    ^p380^l0^i29498
945    ^p380^l0^i29499
945    ^p380^l0^i29500
945    ^p380^l0^i29501
945    ^p380^l0^i29502
945    ^p380^l0^i29503
945    ^p380^l0^i29504
945    ^p380^l0^i29505
995    ^aกัณชพร จุลอักษร
999    ^aกัณชพร
รายการนี้ยังไม่มีแท็ก
คุณยังไม่ได้ล็อกอิน คุณสามารถมีกิจกรรมร่วมกับเว็บไซต์ได้ แต่ต้องล็อกอินก่อน ::
  ล็อกอิน

รายการสื่อสารสนเทศ

ลำดับที่ ประเภท เลขเรียก/บาร์โค้ด สถานที่ สถานะ
1. หนังสือสำรอง
หนังสือสำรอง
QZ4 ศ169พ ฉ.1 
  Barcode: 29498
ห้องสมุดวิทยาเขตนครสวรรค์
►หนังสือทั่วไป:l:General Books
บนชั้น
2. วิทยาศาสตร์การแพทย์ และสุขภาพ
วิทยาศาสตร์การแพทย์ และสุขภาพ
QZ4 ศ169พ ฉ.2 
  Barcode: 29499
ห้องสมุดวิทยาเขตนครสวรรค์
►หนังสือทั่วไป:l:General Books
บนชั้น
3. วิทยาศาสตร์การแพทย์ และสุขภาพ
วิทยาศาสตร์การแพทย์ และสุขภาพ
QZ4 ศ169พ ฉ.3 
  Barcode: 29500
ห้องสมุดวิทยาเขตนครสวรรค์
►หนังสือทั่วไป:l:General Books
บนชั้น
4. วิทยาศาสตร์การแพทย์ และสุขภาพ
วิทยาศาสตร์การแพทย์ และสุขภาพ
QZ4 ศ169พ ฉ.4 
  Barcode: 29501
ห้องสมุดวิทยาเขตนครสวรรค์
►หนังสือทั่วไป:l:General Books
บนชั้น
5. วิทยาศาสตร์การแพทย์ และสุขภาพ
วิทยาศาสตร์การแพทย์ และสุขภาพ
QZ4 ศ169พ ฉ.5 
  Barcode: 29502
ห้องสมุดวิทยาเขตนครสวรรค์
►หนังสือทั่วไป:l:General Books
ถูกยืม กำหนดส่งวันที่ 2 กรกฎาคม 2569
  จอง
6. วิทยาศาสตร์การแพทย์ และสุขภาพ
วิทยาศาสตร์การแพทย์ และสุขภาพ
QZ4 ศ169พ ฉ.6 
  Barcode: 29503
ห้องสมุดวิทยาเขตนครสวรรค์
►หนังสือทั่วไป:l:General Books
บนชั้น
7. วิทยาศาสตร์การแพทย์ และสุขภาพ
วิทยาศาสตร์การแพทย์ และสุขภาพ
QZ4 ศ169พ ฉ.7 
  Barcode: 29504
ห้องสมุดวิทยาเขตนครสวรรค์
►หนังสือทั่วไป:l:General Books
บนชั้น
8. วิทยาศาสตร์การแพทย์ และสุขภาพ
วิทยาศาสตร์การแพทย์ และสุขภาพ
QZ4 ศ169พ ฉ.8 
  Barcode: 29505
ห้องสมุดวิทยาเขตนครสวรรค์
►หนังสือทั่วไป:l:General Books
บนชั้น

รายการใกล้เคียง
    ผู้แต่ง [ศราวุธ ปาลิโภชน์]

    หัวเรื่อง [Pathology]
    หัวเรื่อง [พยาธิวิทยา]

BibComment


ยังไม่เคยถูกคอมเมนท์

คอมเมนท์ทรัพยากรรายการนี้
  คอมเมนท์: พยาธิวิทยาพื้นฐา..


 Copyright 2026. Bcnsprnw @Library